Gender, civic culture and consumerism : middle-class identity in Britain, 1800-1940

Αποθηκεύτηκε σε:
Λεπτομέρειες βιβλιογραφικής εγγραφής
Άλλοι συγγραφείς: Kidd, Alan J. (Επιμελητής έκδοσης), Nicholls, David 1948- (Επιμελητής έκδοσης)
Μορφή: Βιβλίο
Γλώσσα:English
Δημοσίευση: Manchester, UK; New York, NY : Manchester University Press, 1999
Θέματα:
Ετικέτες: Προσθήκη ετικέτας
Δεν υπάρχουν, Καταχωρήστε ετικέτα πρώτοι!

MARC

LEADER 00000nam a2200000 i 4500
001 1/60134
008 040914s1999 eng d
020 |a 0719056764 
035 |l 10074241 
040 |a GR-MY-UA  |b gre  |e aacr 
041 0 |a eng 
082 0 |a 305.550941  |2 (21) 
245 1 0 |a Gender, civic culture and consumerism :  |b middle-class identity in Britain, 1800-1940 /  |c edited by Alan Kidd and David Nicholls 
260 |a Manchester, UK; New York, NY :   |b Manchester University Press,   |c 1999 
300 |a xi, 223 σ.;  |b εικ.;  |c 25 εκ. 
504 |a Περιέχει βιβλιογραφία και ευρετήριο 
650 0 0 |a Middle class  |z Great Britain  |x History. 
650 0 0 |a City and town life  |z Great Britain  |x History. 
650 0 0 |a Sex role  |z Great Britain  |x History. 
650 0 0 |a Social role  |z Great Britain  |x History. 
650 0 0 |a Consumption (Economics)  |z Great Britain  |x History. 
651 0 |a Great Britain  |x Social conditions  |y 19th century. 
651 0 |a Great Britain  |x Social conditions  |y 20th century. 
651 0 |a Great Britain  |x Social life and customs  |y 19th century. 
651 0 |a Great Britain  |x Social life and customs  |y 20th century. 
700 1 |a Kidd, Alan J.  |4 edt 
700 1 |a Nicholls, David  |d 1948-  |4 edt 
852 |a INST  |b LESVOS  |e 20040914  |h 305.550941 GEN  |p 005100030585  |q 005100030585  |t BK  |y 0 
901 |a BIBL1-2004-3 
909 |a Λ  |b 113264 
922 |a 1ΕΛΗ  |b 200408  |c ΕΠΕΑΕΚ2/ΤΚΑ  |d ΜΙΧΑΛΟΠΟΥΛΟΣ 
950 |a 117-2004-06-15 
970 |a ΧΡΙΣΤΟΦΑ  |b ΝΙΚΗ  |z 2004/11/03